000 00539nam a2200193Ia 4500
003 GCL
008 140319s9999 xx 000 0 eng d
020 _a977 424 324 2
040 _aGCL /
_cGCL
082 0 4 _a759
_bK C
100 1 _aKARNOUK, LILIANE
245 1 0 _aCONTEMPORARY EGYPTIAN ART /
_cKARNOUK, LILIANE
260 _aالقاهرة :
_bTHE AMERICAN UNIVERSITY IN CAIRO PRESS ،
_c1995
300 _a132 P
_bILL. ؛
_c30 cm.
650 0 4 _aART - EGYPT
650 0 4 _aMODERN EGYPTIAN ART
650 0 4 _aPAINTINGS
942 _2ddc
_cBK
999 _c7803
_d7803